[Event "Mittelfranken-chTB1 1819"]
[Site "Mittelfranken"]
[Date "2019.03.31"]
[Round "8.1"]
[White "Sarec, Ivica"]
[Black "Weinmann, Stefan"]
[Result "0-1"]
[WhiteElo "2041"]
[BlackElo "1957"]
[PlyCount "78"]
[EventDate "2018.10.14"]
[EventType "team-tourn"]
[EventRounds "9"]
[EventCountry "GER"]
[SourceTitle "EXT 2022"]
[Source "ChessBase"]
[SourceDate "2021.10.06"]
[SourceVersion "1"]
[SourceVersionDate "2021.10.06"]
[SourceQuality "1"]
[WhiteTeam "Herzogenaurach II"]
[BlackTeam "Nuernberg SK 1911"]
[WhiteTeamCountry "GER"]
[BlackTeamCountry "GER"]

1. c4 e5 2. g3 Nf6 3. Nc3 Nc6 4. Bg2 Bc5 5. e3 0-0 6. Nge2 Re8 7. 0-0 d6 8. a3 a6 9. b4 Ba7 10. Bb2 Rb8 11. Rc1 Ne7 12. Nd5 Ng6 13. h3 c6 14. Nxf6+ gxf6 15. Kh2 f5 16. d4 f6 17. Qc2 Qe7 18. Rfd1 Qf8 19. a4 Bd7 20. c5 d5 21. b5 axb5 22. axb5 Rbd8 23. Qa4 Bb8 24. Qb3 Qh6 25. dxe5 fxe5 26. Ra1 f4 27. exf4 exf4 28. Ng1 fxg3+ 29. fxg3 Re3 30. Bxd5+ cxd5 31. Qxd5+ Kf8 32. Rf1+ Nf4 33. Rf2 Ke7 34. Qxb7 Nxh3 35. Bf6+ Ke8 36. Bxd8 Nxf2+ 37. Kg2 Rxg3+ 38. Kf1 Qf4 39. Ra8 Ne4+ 0-1

[Event "Mittelfranken-chTB1 1819"]
[Site "Mittelfranken"]
[Date "2019.03.17"]
[Round "7.1"]
[White "Weinmann, Stefan"]
[Black "Hetzner, Hannes"]
[Result "0-1"]
[WhiteElo "1957"]
[BlackElo "2037"]
[PlyCount "42"]
[EventDate "2018.10.14"]
[EventType "team-tourn"]
[EventRounds "9"]
[EventCountry "GER"]
[SourceTitle "EXT 2022"]
[Source "ChessBase"]
[SourceDate "2021.10.06"]
[SourceVersion "1"]
[SourceVersionDate "2021.10.06"]
[SourceQuality "1"]
[WhiteTeam "Nuernberg SK 1911"]
[BlackTeam "Erlangen SC III"]
[WhiteTeamCountry "GER"]
[BlackTeamCountry "GER"]

1. d4 Nf6 2. Nf3 d5 3. Bf4 c5 4. c3 Nc6 5. e3 Qb6 6. Qc1 Nh5 7. Bg3 Bg4 8. Nbd2 cxd4 9. exd4 Nxg3 10. hxg3 Rc8 11. Qb1 e5 12. Nxe5 Nxe5 13. dxe5 Bc5 14. f3 Bf2+ 15. Kd1 Bd7 16. Qd3 Bxg3 17. Qxd5 Qxb2 18. Rb1 Ba4+ 19. Ke2 Qxc3 20. Rxb7 0-0 21. Qe4 Bd1+ 0-1

[Event "Mittelfranken-chTB1 1819"]
[Site "Mittelfranken"]
[Date "2019.03.03"]
[Round "6.1"]
[White "Alsheimer, Christoph"]
[Black "Weinmann, Stefan"]
[Result "1/2-1/2"]
[WhiteElo "2157"]
[BlackElo "1957"]
[PlyCount "42"]
[EventDate "2018.10.14"]
[EventType "team-tourn"]
[EventRounds "9"]
[EventCountry "GER"]
[SourceTitle "EXT 2022"]
[Source "ChessBase"]
[SourceDate "2021.10.06"]
[SourceVersion "1"]
[SourceVersionDate "2021.10.06"]
[SourceQuality "1"]
[WhiteTeam "Bechhofen"]
[BlackTeam "Nuernberg SK 1911"]
[WhiteTeamCountry "GER"]
[BlackTeamCountry "GER"]

1. d4 Nf6 2. Nf3 d6 3. Nbd2 g6 4. b3 Bg7 5. Bb2 d5 6. c4 c6 7. g3 0-0 8. Bg2 Nbd7 9. 0-0 Re8 10. Rc1 a5 11. h3 a4 12. Ne5 axb3 13. axb3 Nf8 14. b4 Be6 15. c5 Qc8 16. Kh2 h6 17. Qb3 N8h7 18. f4 Ne4 19. Nxe4 dxe4 20. Qc2 Nf6 21. Ra1 Bd5 1/2-1/2

[Event "Mittelfranken-chTB1 1819"]
[Site "Mittelfranken"]
[Date "2019.02.10"]
[Round "5.1"]
[White "Weinmann, Stefan"]
[Black "Fink, Martin"]
[Result "1/2-1/2"]
[WhiteElo "1957"]
[BlackElo "1879"]
[PlyCount "44"]
[EventDate "2018.10.14"]
[EventType "team-tourn"]
[EventRounds "9"]
[EventCountry "GER"]
[SourceTitle "EXT 2022"]
[Source "ChessBase"]
[SourceDate "2021.10.06"]
[SourceVersion "1"]
[SourceVersionDate "2021.10.06"]
[SourceQuality "1"]
[WhiteTeam "Nuernberg SK 1911"]
[BlackTeam "Heideck/Hilpoltstein"]
[WhiteTeamCountry "GER"]
[BlackTeamCountry "GER"]

1. d4 d5 2. Nf3 Nf6 3. c4 c6 4. Nc3 e6 5. e3 Bb4 6. Bd2 0-0 7. Bd3 dxc4 8. Bxc4 Nbd7 9. Qc2 Nd5 10. 0-0 Qe7 11. Bd3 h6 12. e4 Nxc3 13. bxc3 Ba5 14. c4 Bxd2 15. Qxd2 e5 16. d5 c5 17. Qb2 Re8 18. Ne1 Nf8 19. Bc2 Qg5 20. Qc1 Qh5 21. Bd1 Qg6 22. Qe3 Bd7 1/2-1/2

[Event "Mittelfranken-chTB1 1819"]
[Site "Mittelfranken"]
[Date "2019.01.27"]
[Round "4.1"]
[White "Leopold, Christian"]
[Black "Weinmann, Stefan"]
[Result "1-0"]
[WhiteElo "1996"]
[BlackElo "1957"]
[PlyCount "71"]
[EventDate "2018.10.14"]
[EventType "team-tourn"]
[EventRounds "9"]
[EventCountry "GER"]
[SourceTitle "EXT 2022"]
[Source "ChessBase"]
[SourceDate "2021.10.06"]
[SourceVersion "1"]
[SourceVersionDate "2021.10.06"]
[SourceQuality "1"]
[WhiteTeam "Nuernberg Zabo Eintracht"]
[BlackTeam "Nuernberg SK 1911"]
[WhiteTeamCountry "GER"]
[BlackTeamCountry "GER"]

1. e4 c5 2. Nc3 Nc6 3. g3 g6 4. Bg2 Bg7 5. d3 d6 6. Be3 Rb8 7. Qd2 b5 8. Nge2 b4 9. Nd1 Nd4 10. 0-0 e5 11. c3 bxc3 12. bxc3 Nxe2+ 13. Qxe2 Nf6 14. h3 0-0 15. c4 Nh5 16. Nc3 Be6 17. Rab1 Qd7 18. Kh2 Rb4 19. Rxb4 cxb4 20. Nd5 Bxd5 21. cxd5 Rc8 22. Qb2 a5 23. Rc1 Nf6 24. Bb6 Ra8 25. Rc6 Bf8 26. Bf3 Qb7 27. Be3 h5 28. Bd1 Qb5 29. Qc2 Kg7 30. d4 a4 31. Be2 b3 32. Bxb5 bxc2 33. f3 Rb8 34. Bxa4 Rb4 35. dxe5 Nxe4 36. Bxc2 1-0

[Event "Regionalliga Nord-Ost 1718"]
[Site "Bayern"]
[Date "2018.03.18"]
[Round "8.2"]
[White "Weinmann, Stefan"]
[Black "Ammon, Tobias"]
[Result "1/2-1/2"]
[WhiteElo "1964"]
[BlackElo "2161"]
[PlyCount "57"]
[EventDate "2017.10.22"]
[EventType "team-tourn"]
[EventRounds "9"]
[EventCountry "GER"]
[SourceTitle "EXT 2022"]
[Source "ChessBase"]
[SourceDate "2021.10.06"]
[SourceVersion "1"]
[SourceVersionDate "2021.10.06"]
[SourceQuality "1"]
[WhiteTeam "Nuernberg SK 1911"]
[BlackTeam "Altensittenbach"]
[WhiteTeamCountry "GER"]
[BlackTeamCountry "GER"]

1. d4 Nf6 2. c4 c6 3. Nc3 d5 4. Nf3 dxc4 5. a4 Bf5 6. Ne5 Nbd7 7. Nxc4 Nb6 8. Ne5 a5 9. e3 h6 10. g4 Bh7 11. Bg2 e6 12. 0-0 Bd6 13. f4 0-0 14. Qf3 Nbd5 15. g5 hxg5 16. fxg5 Bxe5 17. dxe5 Nd7 18. e4 Nxe5 19. Qg3 Nxc3 20. bxc3 Nc4 21. h4 Qd6 22. Bf4 e5 23. Bc1 Rad8 24. Ra2 Bg6 25. Qg4 Qd7 26. Qe2 Qd3 27. Qg4 Qd7 28. Qe2 Qd3 29. Qg4 1/2-1/2

[Event "Regionalliga Nord-Ost 1718"]
[Site "Bayern"]
[Date "2018.02.04"]
[Round "6.2"]
[White "Weinmann, Stefan"]
[Black "Walter, Thomas"]
[Result "1/2-1/2"]
[WhiteElo "1964"]
[BlackElo "2026"]
[PlyCount "35"]
[EventDate "2017.10.22"]
[EventType "team-tourn"]
[EventRounds "9"]
[EventCountry "GER"]
[SourceTitle "EXT 2022"]
[Source "ChessBase"]
[SourceDate "2021.10.06"]
[SourceVersion "1"]
[SourceVersionDate "2021.10.06"]
[SourceQuality "1"]
[WhiteTeam "Nuernberg SK 1911"]
[BlackTeam "Erlangen SC II"]
[WhiteTeamCountry "GER"]
[BlackTeamCountry "GER"]

1. d4 b5 2. Bf4 Bb7 3. e3 e6 4. Nf3 b4 5. c4 Nf6 6. Bd3 c5 7. 0-0 Be7 8. Nbd2 0-0 9. Rc1 d6 10. Bb1 Nbd7 11. Qc2 Re8 12. Rfd1 cxd4 13. exd4 Rc8 14. Qd3 Qa5 15. Re1 Qh5 16. Bg3 a5 17. Qb3 Qh6 18. Qe3 1/2-1/2

[Event "Regionalliga Nord-Ost 1718"]
[Site "Bayern"]
[Date "2018.01.21"]
[Round "5.2"]
[White "Strobel, Christian"]
[Black "Weinmann, Stefan"]
[Result "0-1"]
[WhiteElo "1971"]
[BlackElo "1964"]
[PlyCount "78"]
[EventDate "2017.10.22"]
[EventType "team-tourn"]
[EventRounds "9"]
[EventCountry "GER"]
[SourceTitle "EXT 2022"]
[Source "ChessBase"]
[SourceDate "2021.10.06"]
[SourceVersion "1"]
[SourceVersionDate "2021.10.06"]
[SourceQuality "1"]
[WhiteTeam "Kareth Lappersdorf II"]
[BlackTeam "Nuernberg SK 1911"]
[WhiteTeamCountry "GER"]
[BlackTeamCountry "GER"]

1. e4 c5 2. Nc3 Nc6 3. g3 g6 4. Bg2 Bg7 5. d3 d6 6. Be3 Rb8 7. Qd2 b5 8. Nf3 Nd4 9. Nh4 b4 10. Nd1 e5 11. 0-0 Nf6 12. h3 0-0 13. Bg5 Be6 14. Kh2 Qd7 15. c3 Nc6 16. f4 Qc8 17. fxe5 Ne8 18. exd6 Nxd6 19. Bf6 Bxf6 20. Rxf6 Kg7 21. Rf2 Qd8 22. Ne3 Ne7 23. Nd5 Bxd5 24. exd5 f6 25. Re1 g5 26. Nf3 Ndf5 27. g4 Qd6+ 28. Kg1 Nh6 29. c4 Ng6 30. Rfe2 Qg3 31. Nxg5 fxg5 32. Qxg5 Nf7 33. Qe3 Qd6 34. Qe6 Nf4 35. Qxd6 Nxe2+ 36. Rxe2 Nxd6 37. Re6 Rf6 38. Re7+ Rf7 39. Re6 Rd8 0-1

[Event "Mittelfranken-chTB1 1617"]
[Site "Mittelfranken"]
[Date "2017.02.12"]
[Round "6.3"]
[White "Petzold, Vinzenz"]
[Black "Weinmann, Stefan"]
[Result "1-0"]
[WhiteElo "1973"]
[BlackElo "1927"]
[PlyCount "175"]
[EventDate "2016.10.23"]
[EventType "team-tourn"]
[EventRounds "9"]
[EventCountry "GER"]
[SourceTitle "EXT 2022"]
[Source "ChessBase"]
[SourceDate "2021.10.06"]
[SourceVersion "1"]
[SourceVersionDate "2021.10.06"]
[SourceQuality "1"]
[WhiteTeam "Nuernberg Zabo Eintracht"]
[BlackTeam "Nuernberg SK 1911"]
[WhiteTeamCountry "GER"]
[BlackTeamCountry "GER"]

1. d4 Nf6 2. c4 g6 3. Nc3 Bg7 4. e4 d6 5. f4 0-0 6. Nf3 c5 7. d5 Bg4 8. Be2 Na6 9. 0-0 Rb8 10. Be3 Nc7 11. Kh1 a6 12. a4 b6 13. Qd2 Bd7 14. Bg1 b5 15. axb5 axb5 16. e5 Nfe8 17. Ra7 bxc4 18. Bxc4 Rb4 19. b3 Bb5 20. Nxb5 Nxb5 21. Ra2 f6 22. Rfa1 Nbc7 23. Ra7 fxe5 24. fxe5 Rf5 25. Re1 Qb8 26. Ra2 Qb6 27. Qd3 Kh8 28. Rae2 Rf8 29. h3 Qb8 30. Bh2 Qc8 31. Ng5 Rb8 32. exd6 exd6 33. Ne6 Nxe6 34. Rxe6 Qd8 35. Qe2 Bc3 36. Rf1 Ng7 37. Rxd6 Qg5 38. Rd7 Rbe8 39. Rxf8+ Rxf8 40. Bd6 Ra8 41. Qe7 Qxe7 42. Rxe7 Nf5 43. Be5+ Bxe5 44. Rxe5 Ra1+ 45. Kh2 Rd1 46. Re2 Kg7 47. Ra2 Ne3 48. Ra7+ Kh6 49. Rc7 Rd2 50. Kg3 Nxg2 51. Rxc5 Ne3 52. Rc6 Rd4 53. Rc7 Nf5+ 54. Kf3 Rh4 55. d6 Nxd6 56. Bg8 Kg5 57. Rxh7 Rf4+ 58. Ke2 Nf5 59. Kd2 Nh4 60. Be6 Nf3+ 61. Kc3 Nd4 62. Bg4 Nb5+ 63. Kb2 Rf2+ 64. Kc1 Nc3 65. Rc7 Ne2+ 66. Bxe2 Rxe2 67. Rc3 Re4 68. Kb2 Kf6 69. Ka3 Ke7 70. Rd3 g5 71. b4 g4 72. hxg4 Rxg4 73. Ka4 Rh4 74. Ka5 Rh5+ 75. b5 Rg5 76. Ka6 Rg2 77. Kb7 Rc2 78. b6 Rc1 79. Kb8 Rc2 80. b7 Rc1 81. Rd4 Rc2 82. Ka7 Ra2+ 83. Kb6 Rb2+ 84. Kc6 Rb1 85. Rd5 Rc1+ 86. Rc5 Rb1 87. Rb5 Rc1+ 88. Kb6 1-0

[Event "Mittelfranken-chTB1 1617"]
[Site "Mittelfranken"]
[Date "2017.01.22"]
[Round "5.4"]
[White "Weinmann, Stefan"]
[Black "Kirbach, Thomas"]
[Result "1/2-1/2"]
[WhiteElo "1927"]
[BlackElo "1924"]
[PlyCount "78"]
[EventDate "2016.10.23"]
[EventType "team-tourn"]
[EventRounds "9"]
[EventCountry "GER"]
[SourceTitle "EXT 2022"]
[Source "ChessBase"]
[SourceDate "2021.10.06"]
[SourceVersion "1"]
[SourceVersionDate "2021.10.06"]
[SourceQuality "1"]
[WhiteTeam "Nuernberg SK 1911"]
[BlackTeam "Fuerth SF"]
[WhiteTeamCountry "GER"]
[BlackTeamCountry "GER"]

1. d4 Nf6 2. c4 g6 3. Nc3 Bg7 4. e4 0-0 5. Be2 d6 6. Nf3 e5 7. Be3 Nc6 8. d5 Ne7 9. Nd2 Nd7 10. b4 f5 11. f3 Nf6 12. c5 f4 13. Bf2 g5 14. Nc4 Ne8 15. Nb5 b6 16. Rc1 bxc5 17. bxc5 a6 18. Nc3 Ng6 19. 0-0 h5 20. Na4 Rf7 21. cxd6 cxd6 22. Ncb6 Rb8 23. Nxc8 Rxc8 24. Bxa6 Rxc1 25. Qxc1 Qa5 26. Qc6 Qd8 27. Bb5 Nf6 28. Rc1 Kh7 29. Bb6 Qg8 30. Qc8 Bf8 31. Qe6 g4 32. Kf2 g3+ 33. hxg3 fxg3+ 34. Kg1 Qg7 35. Be3 h4 36. Qf5 Kg8 37. Qe6 Kh7 38. Qf5 Kg8 39. Qe6 Kh7 1/2-1/2

[Event "Mittelfranken-chTB1 1617"]
[Site "Mittelfranken"]
[Date "2016.11.13"]
[Round "2.4"]
[White "Sippl, Martin"]
[Black "Weinmann, Stefan"]
[Result "0-1"]
[WhiteElo "1940"]
[BlackElo "1927"]
[PlyCount "70"]
[EventDate "2016.10.23"]
[EventType "team-tourn"]
[EventRounds "9"]
[EventCountry "GER"]
[SourceTitle "EXT 2022"]
[Source "ChessBase"]
[SourceDate "2021.10.06"]
[SourceVersion "1"]
[SourceVersionDate "2021.10.06"]
[SourceQuality "1"]
[WhiteTeam "Postbauer Heng"]
[BlackTeam "Nuernberg SK 1911"]
[WhiteTeamCountry "GER"]
[BlackTeamCountry "GER"]

1. e4 c5 2. Nf3 Nc6 3. d4 cxd4 4. Nxd4 e5 5. Nb5 d6 6. c4 Be7 7. N1c3 a6 8. Na3 f5 9. exf5 Bxf5 10. Bd3 Be6 11. Qh5+ Bf7 12. Qh3 Bg5 13. Bxg5 Qxg5 14. 0-0 Nf6 15. Rae1 Qg4 16. Qe3 0-0 17. f4 Rae8 18. Qd2 exf4 19. Rxe8 Rxe8 20. Rxf4 Qg5 21. Rf2 Qc5 22. Na4 Qe5 23. Qf4 Qe1+ 24. Rf1 Qb4 25. Bc2 Ne5 26. Qg3 Bg6 27. Bxg6 hxg6 28. Qb3 Qd2 29. Qc3 Qe2 30. Nb6 Nd3 31. Nc2 Ne4 32. Qd4 Qxc2 33. Qd5+ Kh7 34. Rf3 Qc1+ 35. Rf1 Qe3+ 0-1

[Event "Mittelfranken-chTB1 1617"]
[Site "Mittelfranken"]
[Date "2016.10.23"]
[Round "1.4"]
[White "Weinmann, Stefan"]
[Black "Pranschke, Gerd"]
[Result "0-1"]
[WhiteElo "1927"]
[BlackElo "1940"]
[PlyCount "150"]
[EventDate "2016.10.23"]
[EventType "team-tourn"]
[EventRounds "9"]
[EventCountry "GER"]
[SourceTitle "EXT 2022"]
[Source "ChessBase"]
[SourceDate "2021.10.06"]
[SourceVersion "1"]
[SourceVersionDate "2021.10.06"]
[SourceQuality "1"]
[WhiteTeam "Nuernberg SK 1911"]
[BlackTeam "Nuernberg Noris Tarrasch III"]
[WhiteTeamCountry "GER"]
[BlackTeamCountry "GER"]

1. e4 c5 2. Nf3 e6 3. d4 cxd4 4. Nxd4 a6 5. Nc3 Qc7 6. Bd3 Nf6 7. 0-0 Bc5 8. Nb3 Be7 9. f4 d6 10. a4 b6 11. e5 Nfd7 12. exd6 Bxd6 13. Ne4 Be7 14. Bd2 Nf6 15. Bc3 Nbd7 16. Qe2 Bb7 17. Rae1 0-0 18. Ng5 Rfe8 19. Kh1 Nf8 20. Be5 Qc6 21. a5 h6 22. Nf3 b5 23. Bd4 Qc8 24. Ne5 Bd5 25. Ng4 N8d7 26. Ne5 Nc5 27. Nxc5 Bxc5 28. Qe3 Bxd4 29. Qxd4 Qc7 30. Qb4 Rac8 31. h3 Red8 32. f5 Qb7 33. Qd2 Qe7 34. fxe6 Bxe6 35. Qf2 Qc5 36. Qd2 Nh5 37. Kh2 Rd5 38. Qe2 Nf6 39. Qe3 Qxe3 40. Rxe3 Rd4 41. b3 Rc7 42. c4 bxc4 43. bxc4 Rb7 44. Rc1 Rb2 45. c5 Ra4 46. Bxa6 Rxa5 47. Bf1 Raa2 48. Nd3 Rc2 49. Rb1 Nd5 50. Rf3 g6 51. Rc1 Kg7 52. Rxc2 Rxc2 53. Nf4 Nxf4 54. Rxf4 Rxc5 55. Rf2 f5 56. Rb2 Rc6 57. Kg1 g5 58. Kf2 Kf6 59. g3 h5 60. Bg2 Rd6 61. Ke2 Bc4+ 62. Ke3 Bd5 63. Bxd5 Rxd5 64. Rb3 h4 65. gxh4 gxh4 66. Kf3 Kg5 67. Ra3 Rd1 68. Rb3 Rf1+ 69. Kg2 Rf4 70. Ra3 Rd4 71. Kf3 Rd2 72. Ke3 Rh2 73. Kd4 Rg2 74. Ke5 Rg3 75. Ra8 Re3+ 0-1

[Event "Mittelfranken-chTB2a 1516"]
[Site "Mittelfranken"]
[Date "2016.02.14"]
[Round "6.2"]
[White "Weinmann, Stefan"]
[Black "Adler, Herbert"]
[Result "1/2-1/2"]
[WhiteElo "1927"]
[BlackElo "1846"]
[PlyCount "80"]
[EventDate "2015.10.18"]
[EventType "team-tourn"]
[EventRounds "9"]
[EventCountry "GER"]
[SourceTitle "EXT 2020"]
[Source "ChessBase"]
[SourceDate "2019.10.17"]
[SourceVersion "1"]
[SourceVersionDate "2019.10.17"]
[SourceQuality "1"]
[WhiteTeam "Nuernberg SK 1911"]
[BlackTeam "Buechenbach/Roth II"]
[WhiteTeamCountry "GER"]
[BlackTeamCountry "GER"]

1. d4 d5 2. c4 e6 3. Nc3 c6 4. Nf3 Nf6 5. cxd5 exd5 6. Bg5 h6 7. Bh4 Bb4 8. a3 Bxc3+ 9. bxc3 g5 10. Bg3 Ne4 11. Qb3 Nd7 12. e3 h5 13. h3 Nxg3 14. fxg3 Qe7 15. c4 dxc4 16. Bxc4 Nb6 17. 0-0 Nxc4 18. Qxc4 g4 19. Ne5 Be6 20. Qc3 gxh3 21. gxh3 Rg8 22. Kh2 f6 23. Nd3 Qg7 24. Rg1 0-0-0 25. Nf4 Bf7 26. Rab1 Qh7 27. Qb2 Rd7 28. Rbc1 Qe4 29. Qf2 Rg5 30. h4 Rb5 31. Rc3 a5 32. Rgc1 Kb8 33. Nd3 Rf5 34. Nf4 Re7 35. Qc2 Qxc2+ 36. R1xc2 Rb5 37. Kg2 Kc7 38. Kf2 Kd6 39. Nd3 Bg6 40. Rc1 Bxd3 1/2-1/2

[Event "Mittelfranken-chTB1 1415"]
[Site "Mittelfranken"]
[Date "2015.03.08"]
[Round "7.3"]
[White "Petzold, Vinzenz"]
[Black "Weinmann, Stefan"]
[Result "0-1"]
[WhiteElo "1997"]
[BlackElo "1927"]
[PlyCount "80"]
[EventDate "2014.09.29"]
[EventType "team-tourn"]
[EventRounds "9"]
[EventCountry "GER"]
[SourceTitle "EXT 2020"]
[Source "ChessBase"]
[SourceDate "2019.10.17"]
[SourceVersion "1"]
[SourceVersionDate "2019.10.17"]
[SourceQuality "1"]
[WhiteTeam "Nuernberg Zabo"]
[BlackTeam "Nuernberg SK 1911"]
[WhiteTeamCountry "GER"]
[BlackTeamCountry "GER"]

1. d4 Nf6 2. c4 g6 3. Nc3 Bg7 4. e4 d6 5. Be2 0-0 6. f4 c5 7. Nf3 Bg4 8. e5 dxe5 9. dxe5 Nfd7 10. 0-0 Nc6 11. Be3 f6 12. exf6 Bxf6 13. Ng5 Bf5 14. g4 Bxg5 15. gxf5 Bf6 16. fxg6 hxg6 17. Bd3 Kg7 18. Qg4 Nde5 19. fxe5 Nxe5 20. Qf4 Qxd3 21. Qh6+ Kg8 22. Rad1 Qxc4 23. Rf4 Qe6 24. Bxc5 Bg7 25. Rxf8+ Rxf8 26. Qe3 Nf3+ 27. Kh1 Qh3 28. Qf2 Bxc3 29. bxc3 Nxh2 30. Qg2 Qh5 31. Qd5+ Qxd5+ 32. Rxd5 Nf3 33. Rd7 Rc8 34. Bb4 a5 35. Bxa5 Ra8 36. Rd5 b6 37. Bxb6 Rxa2 38. Bc7 Rc2 39. Rd3 Rc1+ 40. Kg2 Ne1+ 0-1

[Event "Mittelfranken-chTB1 1314"]
[Site "Mittelfranken"]
[Date "2014.03.09"]
[Round "7.5"]
[White "Weinmann, Stefan"]
[Black "Leonhardt, Frank"]
[Result "1/2-1/2"]
[WhiteElo "1927"]
[BlackElo "1879"]
[PlyCount "28"]
[EventDate "2013.10.20"]
[EventType "team-tourn"]
[EventRounds "9"]
[EventCountry "GER"]
[SourceTitle "EXT 2020"]
[Source "ChessBase"]
[SourceDate "2019.10.17"]
[SourceVersion "1"]
[SourceVersionDate "2019.10.17"]
[SourceQuality "1"]
[WhiteTeam "Nuernberg SK 1911"]
[BlackTeam "Schwanstetten"]
[WhiteTeamCountry "GER"]
[BlackTeamCountry "GER"]

1. d4 d5 2. Bf4 Nf6 3. e3 e6 4. Nf3 c5 5. c3 Nc6 6. Nbd2 Be7 7. Bd3 b6 8. Ne5 Nxe5 9. dxe5 Nd7 10. Nf3 a5 11. Qe2 Nb8 12. Bb5+ Bd7 13. Bd3 Bc8 14. Bb5+ Bd7 1/2-1/2

[Event "Mittelfranken-chTB1 1213"]
[Site "Germany"]
[Date "2013.03.10"]
[Round "8.6"]
[White "Naegelein, Andreas"]
[Black "Weinmann, Stefan"]
[Result "1-0"]
[WhiteElo "1940"]
[BlackElo "1920"]
[PlyCount "141"]
[EventDate "2012.10.07"]
[EventType "team-tourn"]
[EventRounds "9"]
[EventCountry "GER"]
[SourceTitle "EXT 2019"]
[Source "ChessBase"]
[SourceDate "2018.10.10"]
[SourceVersion "1"]
[SourceVersionDate "2018.10.10"]
[SourceQuality "1"]
[WhiteTeam "Postbauer Heng"]
[BlackTeam "Nuernberg SK 1911"]
[WhiteTeamCountry "GER"]
[BlackTeamCountry "GER"]

1. d4 Nf6 2. Nf3 g6 3. Bg5 Bg7 4. e3 d6 5. Bd3 Nbd7 6. 0-0 0-0 7. c3 c6 8. Nbd2 Qc7 9. Qc2 e5 10. Rfe1 Re8 11. Rad1 Nf8 12. h3 a5 13. Bxf6 Bxf6 14. dxe5 dxe5 15. a4 Ne6 16. Ne4 Bg7 17. Bc4 Qe7 18. Qb3 Rf8 19. Rd2 b5 20. axb5 cxb5 21. Bxb5 Rb8 22. Qa4 Nc5 23. Nxc5 Qxc5 24. c4 Bb7 25. Qa3 Qb6 26. Rd6 Qc7 27. Rd7 Qc8 28. Qxa5 Bxf3 29. gxf3 e4 30. Red1 exf3 31. Qc7 Bxb2 32. Qf4 Qc5 33. R1d5 Qb4 34. Qxf3 Ra8 35. Rd1 Ra1 36. Rxa1 Bxa1 37. Qd5 Qe1+ 38. Kg2 Bf6 39. Bc6 Qc3 40. Rxf7 Rxf7 41. Be8 Kg7 42. Qxf7+ Kh6 43. Qd5 Qe5 44. Qxe5 Bxe5 45. Kf3 Kg5 46. Ke4 Kf6 47. Kd5 g5 48. Bh5 Bb8 49. Kc6 Ke7 50. Bg4 h6 51. Kd5 Bc7 52. e4 Bb8 53. e5 Bc7 54. Ke4 Bb6 55. f3 Bc5 56. Kd5 Ba7 57. c5 Bb8 58. e6 Bf4 59. c6 Bc7 60. Bh5 Bf4 61. Bf7 Bc7 62. Kc5 Bd8 63. Kc4 Kd6 64. Kb5 Kc7 65. Kc5 Be7+ 66. Kd5 Bd8 67. Be8 Be7 68. Ke5 h5 69. Kf5 Kd6 70. Kg6 Bd8 71. Kf7 1-0

[Event "Mittelfranken-chTB1 1213"]
[Site "Germany"]
[Date "2012.10.21"]
[Round "2.7"]
[White "Weinmann, Stefan"]
[Black "Kociurzynski, Andre"]
[Result "1/2-1/2"]
[WhiteElo "1920"]
[BlackElo "1949"]
[PlyCount "28"]
[EventDate "2012.10.07"]
[EventType "team-tourn"]
[EventRounds "9"]
[EventCountry "GER"]
[SourceTitle "EXT 2019"]
[Source "ChessBase"]
[SourceDate "2018.10.10"]
[SourceVersion "1"]
[SourceVersionDate "2018.10.10"]
[SourceQuality "1"]
[WhiteTeam "Nuernberg SK 1911"]
[BlackTeam "Fuerth SF"]
[WhiteTeamCountry "GER"]
[BlackTeamCountry "GER"]

1. d4 d5 2. c4 c6 3. Nf3 Nf6 4. Nc3 e6 5. e3 Nbd7 6. cxd5 cxd5 7. Bd3 Be7 8. 0-0 0-0 9. Ne5 Nxe5 10. dxe5 Nd7 11. f4 f5 12. Nb5 Nc5 13. Be2 Bd7 14. Nd4 a5 1/2-1/2

[Event "Mittelfranken-chTB1 1011"]
[Site "Germany"]
[Date "2011.03.13"]
[Round "7.3"]
[White "Weinmann, Stefan"]
[Black "Roeder, Gerd"]
[Result "0-1"]
[WhiteElo "1949"]
[BlackElo "2147"]
[PlyCount "108"]
[EventDate "2010.09.26"]
[EventType "team-tourn"]
[EventRounds "9"]
[EventCountry "GER"]
[SourceTitle "EXT 2012"]
[Source "ChessBase"]
[SourceDate "2011.11.24"]
[SourceVersion "1"]
[SourceVersionDate "2011.11.24"]
[SourceQuality "1"]
[WhiteTeam "Nuernberg SK 1911"]
[BlackTeam "Altensittenbach"]
[WhiteTeamCountry "GER"]
[BlackTeamCountry "GER"]

1. e4 c5 2. Nf3 Nc6 3. d4 cxd4 4. Nxd4 Nf6 5. Nc3 e5 6. Ndb5 d6 7. Bg5 a6 8. Na3 Be7 9. Nc4 0-0 10. Bxf6 Bxf6 11. Qxd6 Qxd6 12. Nxd6 Be6 13. Bc4 Nd4 14. 0-0-0 b5 15. Bb3 Be7 16. Nf5 Nxf5 17. exf5 Bxf5 18. Nd5 Bg5+ 19. Kb1 a5 20. h4 Bd8 21. Ne3 Be6 22. Bd5 Rc8 23. g3 Bb6 24. b3 Rc3 25. Rhe1 Rfc8 26. Bxe6 fxe6 27. Rd6 Bxe3 28. fxe3 Rxc2 29. Rxe6 Rg2 30. Rf1 h6 31. Rxe5 Rcc2 32. Rxb5 Rb2+ 33. Ka1 Rxa2+ 34. Kb1 Rgb2+ 35. Kc1 Re2 36. Kb1 Kh7 37. h5 Reb2+ 38. Kc1 Rh2 39. Kb1 Rag2 40. g4 Rxg4 41. Rxa5 Rb4 42. Rg1 Rxb3+ 43. Ka1 Rbb2 44. Re5 Rbg2 45. Rf1 Rg5 46. Rxg5 hxg5 47. Kb1 Kh6 48. Rf7 Re2 49. Re7 g4 50. Re8 g3 51. Rh8+ Kg5 52. Rh7 g2 53. Rxg7+ Kxh5 54. e4 Re1+ 0-1

[Event "Mittelfranken-chTB1 1011"]
[Site "Germany"]
[Date "2010.10.17"]
[Round "2.3"]
[White "Weinmann, Stefan"]
[Black "Luther, Helmut"]
[Result "1/2-1/2"]
[WhiteElo "1949"]
[BlackElo "1957"]
[PlyCount "85"]
[EventDate "2010.09.26"]
[EventType "team-tourn"]
[EventRounds "9"]
[EventCountry "GER"]
[SourceTitle "EXT 2012"]
[Source "ChessBase"]
[SourceDate "2011.11.24"]
[SourceVersion "1"]
[SourceVersionDate "2011.11.24"]
[SourceQuality "1"]
[WhiteTeam "Nuernberg SK 1911"]
[BlackTeam "Nuernberg Sued SW II"]
[WhiteTeamCountry "GER"]
[BlackTeamCountry "GER"]

1. d4 d5 2. c4 e6 3. Nc3 Nf6 4. cxd5 exd5 5. Bg5 Nbd7 6. e3 c6 7. Bd3 Be7 8. Qc2 0-0 9. Nge2 Re8 10. 0-0 Nf8 11. f3 Nh5 12. Bxe7 Qxe7 13. e4 Qd6 14. e5 Qh6 15. Qc1 Qxc1 16. Raxc1 g6 17. g4 Ng7 18. b4 a6 19. Na4 Nd7 20. Nc5 Ne6 21. Nxe6 Rxe6 22. f4 Re8 23. h3 Nf8 24. Kh2 Bd7 25. a3 Kg7 26. f5 a5 27. Ra1 b6 28. Nf4 Bc8 29. bxa5 Rxa5 30. Rfb1 b5 31. a4 bxa4 32. Bc2 a3 33. Rb3 a2 34. Rb2 c5 35. Raxa2 Rxa2 36. Rxa2 cxd4 37. Ra8 Bd7 38. Rxe8 Bxe8 39. Nxd5 gxf5 40. gxf5 Nd7 41. Nc7 Kf8 42. e6 Nc5 43. Nxe8 1/2-1/2